000
00231 a2200097 4500
001
34738
100
_a
Varghere A
245
_a
Women Administration in Education
260
_a
New Delhi
_b
Vikas Publishing
_c
090
_c
23019
_d
23019
942
_a
NUST-CAE
_c
M
_c
14469
999
_c
269811
_d
269811